| 000 | 00903cam a22002897a 4500 | ||
|---|---|---|---|
| 003 | CHAP | ||
| 005 | 20220817043341.0 | ||
| 008 | 971013s1993 r 00010 d | ||
| 010 | _a72861 | ||
| 011 | _a73833 | ||
| 035 | _a83391 | ||
| 040 | _cCHAP | ||
| 082 |
_a639.2 _bF38Y |
||
| 110 | _aFAO | ||
| 245 | 0 |
_aFondos rotatorios de préstamos y programas de crédito para comunidades pesqueras _b: guía para el manejo de programas |
|
| 260 |
_aRoma : _bFAO, _c1993 |
||
| 300 |
_a161 p. _b: ilus. |
||
| 590 |
_aBATCH-UPD _b10 _c20130110 _lUCH01 _h0951 |
||
| 590 |
_aBATCH-UPD _b10 _c20130410 _lUCH01 _h0604 |
||
| 590 |
_aBATCH-UPD _b10 _c20130914 _lUCH01 _h1103 |
||
| 590 |
_aCONVERSION _b10 _c20130109 _lUCH01 _h1340 |
||
| 650 | 1 | 4 |
_aCrédito cooperativo. _929093 |
| 650 | 1 | 4 |
_aCrédito pesquero. _929130 |
| 901 | _aBK | ||
| 942 | _cLIBRO | ||
| 949 |
_a639.2 F38Y _bBC _cFAO _d-37936 _eFAO1 _h86781 _i83391 _mD _si |
||
| 999 |
_c72861 _d72861 |
||